|
|
|
|
| LEADER |
014060000a22003490004500 |
| 001 |
123098 |
| 005 |
20100405100700.0 |
| 008 |
970220s1995 stk g m 000 0 eng d |
| 035 |
|
|
|a 433402
|
| 035 |
|
|
|a (Sirsi) 123098
|
| 040 |
|
|
|a UIAM
|b eng
|e rda
|
| 050 |
|
0 |
|a BP80.I31
|
| 100 |
0 |
|
|a Ismail Abdullah,
|e author
|
| 245 |
1 |
4 |
|a The Influence of Imam al-Juwayni on the theology of Imam al-Ghazali /
|c by Ismail Haji Abdullah
|
| 264 |
|
1 |
|a St. Andrews, Scotland :
|b University of St. Andrews,
|c 1995
|
| 300 |
|
|
|a x, 285 pages ;
|c 30 cm.
|
| 336 |
|
|
|2 rdacontent
|a text
|
| 337 |
|
|
|2 rdamedia
|a unmediated
|
| 338 |
|
|
|2 rdacarrier
|a volume
|
| 502 |
|
|
|a Thesis (Ph. D.)--The University of St. Andrews, 1995.
|
| 596 |
|
|
|a 1
|
| 600 |
2 |
0 |
|a Imam al-Haramayn al-Juwayni, 'Abd al-Malik ibn 'Abd Allah,
|d 1028-1085
|
| 600 |
1 |
0 |
|a Ghazzali,
|d 1058-1111
|
| 650 |
|
0 |
|a Islam
|v Early works to 1800
|x Doctrines
|
| 650 |
|
0 |
|a Theology, Islamic
|
| 650 |
|
0 |
|a Scholars, Muslim
|v Biography
|
| 655 |
0 |
7 |
|a Theses, non-IIUM
|
| 710 |
2 |
|
|a University of St. Andrews
|
| 900 |
|
|
|a ajh-sa
|
| 999 |
|
|
|c 430893
|d 462384
|
| 952 |
|
|
|0 0
|6 LU T BP 80 I31 I83I 1995
|7 0
|8 THESES
|9 750415
|a IIUM
|b IIUM
|c CLOSEACCES
|g 0.00
|o lu t BP 80 I31 I83I 1995
|p 00000433414
|r 2017-10-24
|t 1
|v 0.00
|y THESIS
|
| 952 |
|
|
|0 0
|6 T BP 000080 I31 I83I 1995
|7 0
|8 THESES
|9 750416
|a IIUM
|b IIUM
|c MULTIMEDIA
|g 0.00
|o t BP 80 I31 I83I 1995
|p 00010981921
|r 2017-10-17
|t 1
|v 0.00
|y THESIS
|